La sanción de la Ley de Ética para la función pública (Registro nro. 24182)

Detalles MARC
000 -LEADER
fixed length control field 00333 a2200109 4500
001 - CONTROL NUMBER
control field ART_40069
005 - DATE AND TIME OF LATEST TRANSACTION
control field 20260410161842.0
008 - FIXED-LENGTH DATA ELEMENTS--GENERAL INFORMATION
fixed length control field 260409a
100 1# - MAIN ENTRY--PERSONAL NAME
Personal name Caputi, María Claudia
245 10 - TITLE STATEMENT
Title La sanción de la Ley de Ética para la función pública
773 0# - HOST ITEM ENTRY
Title RAP
Related parts - Año 22, Nº 260 (may. 2000)
Record control number REV5941

No hay ítems disponibles.